Annette Kelm / (Record no. 1298)
[ view plain ]
| 000 -LEADER | |
|---|---|
| campo de control de longitud fija | 01441nam a22002537a 4500 |
| 008 - DATOS DE LONGITUD FIJA--INFORMACIÓN GENERAL | |
| campo de control de longitud fija | 170930s2009 enk||||| |||| 00| 0 eng d |
| 020 ## - NÚMERO INTERNACIONAL ESTÁNDAR DEL LIBRO | |
| Número Internacional Estándar del Libro | 99783865606228 |
| 082 04 - NÚMERO DE LA CLASIFICACIÓN DECIMAL DEWEY | |
| Número de clasificación | 779 |
| Número de ítem | K298a |
| 100 1# - ENTRADA PRINCIPAL--NOMBRE DE PERSONA | |
| Nombre de persona | Kelm, Annette. |
| 9 (RLIN) | 5999 |
| 245 ## - MENCIÓN DEL TÍTULO | |
| Título | Annette Kelm / |
| Mención de responsabilidad, etc. | Annette Kelm ; Kunsthalle Zürich, KW Institute for Contemporary Art y Witte de With. |
| 250 ## - MENCION DE EDICION | |
| Mención de edición | 1a edición. |
| 260 ## - PUBLICACIÓN, DISTRIBUCIÓN, ETC. | |
| Lugar de publicación, distribución, etc. | Londres : |
| Nombre del editor, distribuidor, etc. | Koenig Books, |
| Fecha de publicación, distribución, etc. | 2009. |
| 300 ## - DESCRIPCIÓN FÍSICA | |
| Extensión | 160 páginas : |
| Otras características físicas | ilustraciones en color. |
| 500 ## - NOTA GENERAL | |
| Nota general | Catálogo publicado con motivo a la exposición itinerante "Annette Kelm", presentada en: - Kunsthalle Zürich, del 24 de enero al 26 de abril de 2009, curada por Beatriz Ruf -KW Institute for Contemporary Art, del 3 de mayo al 19 de julio de 2009, curada por Susanne Pfeffer -Witte de With Center for Contemporary Art, del 13 de junio al 24 de agosto de 2008, curada por Ncolaus Schafhausen y Zoë Gray. |
| 505 0# - NOTA DE CONTENIDO CON FORMATO | |
| Título | Susanne Pfeffer, Beatrix Ruf y Nicolaus Schafhausen en conversación. |
| -- | Target and record |
| Mención de responsabilidad | Caoimhín Mac Giolla Léith. |
| Título | This is not a photograph |
| Mención de responsabilidad | Dirk von Lowtzow. |
| Título | Sense and sensibility: pleasure, pattern and the picture plane |
| Mención de responsabilidad | Zoë Gray. |
| 653 10 - TÉRMINO DE INDIZACIÓN--NO CONTROLADO | |
| Término no controlado | Arte contemporáneo |
| 653 10 - TÉRMINO DE INDIZACIÓN--NO CONTROLADO | |
| Término no controlado | Fotografía |
| 653 10 - TÉRMINO DE INDIZACIÓN--NO CONTROLADO | |
| Término no controlado | Fotográfos |
| 653 10 - TÉRMINO DE INDIZACIÓN--NO CONTROLADO | |
| Término no controlado | Exhibición itinerante |
| 653 10 - TÉRMINO DE INDIZACIÓN--NO CONTROLADO | |
| Término no controlado | Catálogo de exhibición |
| 710 1# - ENTRADA AGREGADA--NOMBRE DE ENTIDAD CORPORATIVA | |
| Nombre de entidad corporativa o nombre de jurisdicción como elemento de entrada | Kunsthalle Zürich. |
| 9 (RLIN) | 6000 |
| 710 1# - ENTRADA AGREGADA--NOMBRE DE ENTIDAD CORPORATIVA | |
| Nombre de entidad corporativa o nombre de jurisdicción como elemento de entrada | KW Institute for Contemporary Art. |
| 9 (RLIN) | 6001 |
| 710 1# - ENTRADA AGREGADA--NOMBRE DE ENTIDAD CORPORATIVA | |
| Nombre de entidad corporativa o nombre de jurisdicción como elemento de entrada | Witte de With. |
| 9 (RLIN) | 6002 |
| Estatus retirado | Estado de pérdida | Fuente del sistema de clasificación o colocación | Estado de daño | No para préstamo | Biblioteca de origen | Biblioteca actual | Ubicación en estantería | Fecha de adquisición | Total de préstamos | Signatura topográfica completa | Código de barras | Visto por última vez | Precio de reemplazo | Tipo de ítem Koha |
|---|---|---|---|---|---|---|---|---|---|---|---|---|---|---|
| Clasificación Decimal Dewey | Biblioteca LadoV | Biblioteca LadoV | 30/09/2017 | 779 K298a | 000865 | 30/09/2017 | 30/09/2017 | Material 01 |
